| 000 | 00890nam a22002657a 4500 | ||
|---|---|---|---|
| 005 | 20170123162322.0 | ||
| 010 | _aA-842640 | ||
| 020 | _c16.00 | ||
| 035 | _aA-842640 | ||
| 037 | _bCen Lib/Ret | ||
| 040 |
_aDPL _bUR |
||
| 082 |
_a841.092 _bر ء ی |
||
| 100 |
_aرییس الدین فریدی _9814 |
||
| 245 |
_aسبزہ و گل / _cرییس الدین فریدی |
||
| 246 |
_aSabzah v gul / _bby Rayiesudeen Fareedi |
||
| 260 |
_aکلکتہ _bمغربی بنگال اردو اکیڈمی _c1986 |
||
| 270 | _bکلکتہ | ||
| 300 |
_a260p. _c21cm(Hb) |
||
| 490 | _aمغربی بنگال اردو اکادمی کا سلسلہ مطبوعات نمبر | ||
| 650 |
_aاردو ادب _9117496 |
||
| 650 |
_aاردونظم _9117497 |
||
| 650 |
_aUrdu literature _9117498 |
||
| 650 |
_aUrdu poetry _9117499 |
||
| 942 |
_2ddc _cUR _h841.092 _mر ء ی |
||
| 999 |
_c107145 _d107145 |
||